000 00736nam a2200217 i 4500
001 bg
100 1 _aCHMIELAK, Anna
245 1 0 _aWzględność koncepcji rozwoju gospodarczego :
_bpróba retrospekcji /
_cAnna Chmielak.
260 _aBiałystok :
_bDział Wydawnictw i Poligrafii PB,
_c1999.
300 _a124 s. ;
_c23 cm.
490 1 _aRozprawy Naukowe / Politechnika Białostocka,
_x0867-096X ;
_vnr 65
500 _aU dołu okł.: 50 lat Politechniki Białostockiej.
504 _aBibliogr.
650 9 _aWzrost gospodarczy
_xzagadnienia
830 0 _aRozprawy Naukowe (Politechnika Białostocka) ;
_vnr 65
040 _cBPK
041 0 _apl
080 _a330.35
942 _cKS
008 s pl f |000 0 pol
999 _c37997
_d37997
856 _uhttp://koha.tu.koszalin.pl/cgi-bin/koha/opac-detail.pl?biblionumber=37997
_yKatalog online BPK